[Event "44th Marcel Duchamp"]
[Site "Buenos Aires ARG"]
[Date "2013.03.24"]
[Round "2.41"]
[White "Ruperez,M"]
[Black "Mendez,Nicolas"]
[Result "0-1"]
[WhiteElo "2173"]
[BlackElo "1798"]

1.d4 e6 2.g3 Nf6 3.c4 c5 4.d5 exd5 5.cxd5 d6 6.Nc3 g6 7.Bg2 Bg7 8.Nf3 O-O
9.O-O a6 10.a4 Nbd7 11.Nd2 Re8 12.h3 Rb8 13.Nc4 Ne5 14.Nxe5 Rxe5 15.Bf4 Re8
16.Rb1 Bf5 17.Rc1 b5 18.axb5 axb5 19.g4 Bc8 20.Re1 Qb6 21.e4 Nd7 22.Bf1 Ba6
23.b3 Ra8 24.Kh2 h6 25.h4 Kh7 26.f3 Ne5 27.Be3 b4 28.Na4 Qd8 29.Bxa6 Rxa6
30.f4 Nd7 31.Bf2 Nb6 32.Nxb6 Qxb6 33.g5 h5 34.Qd3 Ra2 35.Re2 Rxe2 36.Qxe2 Qb7
37.Rd1 Qe7 38.Bg3 Bd4 39.Qf3 Bc3 40.e5 dxe5 41.d6 Qd7 42.fxe5 Bxe5 43.Bxe5 Rxe5
44.Rd2 Re6 45.Qf4 Kg7 46.Kg2 f5 47.gxf6+ Rxf6 48.Qg3 Kh7 49.Kh2 Rf7 50.Re2 Rg7
51.Qe5 Kh6 52.Qxc5 Qg4 53.Qg5+ Qxg5 54.hxg5+ Kxg5 55.Re7 Kf6 56.Re4 Rd7 57.Rxb4 Rxd6
58.Rb5 g5 59.b4 Rd3 60.Rc5 Re3 61.b5 Re5 62.Rc6+ Kf5 63.b6 Rb5 64.Rd6 h4
65.Rc6 g4 66.Rh6 Rb2+ 67.Kg1 Kf4 68.Rc6 h3 69.Rc4+ Kg3 70.Rc3+ Kh4 71.Rc6 h2+
72.Kh1 Kh3 73.Rc1 g3  0-1

[Event "O2C Doeberl Cup Premier 2013"]
[Site "Canberra AUS"]
[Date "2013.03.31"]
[Round "7.4"]
[White "Laxman,R"]
[Black "Zhao Zong Yuan"]
[Result "0-1"]
[WhiteElo "2435"]
[BlackElo "2537"]

1.d4 Nf6 2.c4 e6 3.g3 c5 4.Nf3 cxd4 5.Nxd4 d5 6.Bg2 e5 7.Nf3 d4 8.O-O Nc6
9.e3 Be7 10.exd4 exd4 11.b3 O-O 12.Bb2 Bc5 13.Na3 Bg4 14.h3 Bh5 15.Nc2 d3
16.Ne3 Bxe3 17.fxe3 Ne4 18.g4 Bg6 19.Nd4 Ng3 20.Rf2 Re8 21.Nf5 Bxf5 22.gxf5 Ne2+
23.Kh1 Rxe3 24.f6 Qd7 25.Qd2 Rae8 26.Rxe2 Rxe2 27.Qg5 Re1+  0-1

[Event "TCh-CRO II Liga 2013"]
[Site "Split CRO"]
[Date "2013.04.07"]
[Round "3.1"]
[White "Martinovic,F"]
[Black "Jakic,I"]
[Result "0-1"]
[WhiteElo "1909"]
[BlackElo "2413"]

1.c4 Nf6 2.d4 e6 3.g3 c5 4.d5 exd5 5.cxd5 d6 6.Nc3 g6 7.Nf3 Bg7 8.Bg2 O-O
9.O-O Nbd7 10.Bf4 Ne8 11.Qd2 a6 12.Bh6 b5 13.Bxg7 Kxg7 14.e4 b4 15.Nd1 Nef6
16.Ng5 h6 17.Nh3 Re8 18.f3 Ne5 19.Ne3 Ra7 20.Nf2 Rae7 21.Nd3 a5 22.Nxe5 Rxe5
23.Nc4 R5e7 24.a3 Ba6 25.Rfc1 Bxc4 26.Rxc4 Nd7 27.axb4 Ne5 28.Rc2 axb4 29.b3 Qb6
30.Qf2 f5 31.Kh1 fxe4 32.fxe4 Rf7 33.Qg1 Ref8 34.h3 Qd8 35.Qe3 h5 36.Rca2 Qe7
37.Ra6 h4 38.g4 g5 39.Ra7 Qd8 40.Ra8 Qf6 41.Rxf8 Rxf8 42.Rf1 Qe7 43.Rf5 Rxf5
44.exf5 Kf6 45.Qe2 Qb7 46.Qa2 Kf7 47.Qd2 Qe7 48.Qe2 Qa7 49.Qe3 Qa1+ 50.Kh2 Qb2
51.Kh1 Kf6 52.Kh2 Qc3 53.Qe2 c4 54.Qa2 Qg3+ 55.Kg1 Nf3+ 56.Kf1 Qe1+  0-1

[Event "15th Dubai Open 2013"]
[Site "Dubai UAE"]
[Date "2013.04.13"]
[Round "6.12"]
[White "Khotenashvili,B"]
[Black "Parligras,M"]
[Result "1-0"]
[WhiteElo "2492"]
[BlackElo "2602"]

1.d4 Nf6 2.c4 e6 3.g3 c5 4.d5 exd5 5.cxd5 d6 6.Bg2 g6 7.Nf3 Bg7 8.O-O O-O
9.Nc3 Re8 10.Bf4 Ne4 11.Nxe4 Rxe4 12.Nd2 Rxf4 13.gxf4 Bxb2 14.Rb1 Bg7 15.Ne4 Qe7
16.Nxc5 dxc5 17.d6 Qd7 18.Qd5 Na6 19.Rb3 c4 20.Re3 Qa4 21.Re7 Be6 22.Qxb7 Rd8
23.Bd5 Nc5 24.Qc7 Rc8 25.Bxe6 Rxc7 26.dxc7 Nxe6 27.c8=Q+ Bf8 28.Rxe6 fxe6
29.Qxe6+ Kh8 30.Qf7 Qb4 31.Rd1  1-0

[Event "15th Dubai Open 2013"]
[Site "Dubai UAE"]
[Date "2013.04.13"]
[Round "6.13"]
[White "Ghosh,D"]
[Black "Ghaem Maghami,E"]
[Result "1-0"]
[WhiteElo "2451"]
[BlackElo "2561"]

1.d4 Nf6 2.c4 e6 3.g3 c5 4.d5 exd5 5.cxd5 b5 6.Nf3 d6 7.e4 a6 8.a4 b4 9.Bd3 g6
10.Nbd2 Bg7 11.Nc4 O-O 12.O-O Bg4 13.Bf4 Ne8 14.Be2 Nd7 15.Nfd2 Bxe2 16.Qxe2 Qe7
17.Rfe1 h6 18.Rad1 Kh7 19.Nb3 g5 20.Bc1 f5 21.Qc2 Qf7 22.exf5 Qxf5 23.Qxf5+ Rxf5
24.Re7 Ne5 25.Nba5 Kg8 26.f4 Nxc4 27.Nxc4 Bf8 28.Rb7 gxf4 29.Bxf4 Rf7 30.Rb6 Rd7
31.Rc6 Raa7 32.Re1 Nf6 33.Bxd6 Bxd6 34.Nxd6 Nxd5 35.Re8+ Kg7 36.Nf5+ Kf7
37.Re5 h5 38.Nd6+ Rxd6 39.Rxd6 Ne7 40.Rxc5  1-0

[Event "FSGM April 2013"]
[Site "Budapest HUN"]
[Date "2013.04.14"]
[Round "8.2"]
[White "Arngrimsson,D"]
[Black "Poetsch,H"]
[Result "1/2-1/2"]
[WhiteElo "2392"]
[BlackElo "2426"]

1.d4 Nf6 2.c4 e6 3.g3 c5 4.d5 exd5 5.cxd5 d6 6.Nc3 g6 7.Nf3 Bg7 8.Bg2 O-O
9.O-O Re8 10.Bf4 Ne4 11.Nxe4 Rxe4 12.Nd2 Rxf4 13.gxf4 Bxb2 14.Rb1 Bg7 15.Re1 Na6
16.Nc4 Rb8 17.Qd2 b5 18.Na5 Qf6 19.Nc6 Rb7 20.Qa5 Nc7 21.e4 Bf8 22.e5 Qxf4
23.e6 fxe6 24.Nd8 Rb6 25.Nxe6 Nxe6 26.dxe6 Ra6 27.Qxb5 Rxa2 28.Rb2 Bxe6 29.Rxa2 Bxa2
30.Qd3 Bc4 31.Bd5+ Bxd5 32.Qxd5+ Qf7 33.Re6 a5 34.Kf1 a4 35.Ke2 a3 36.Qb3 Be7
37.Re3 a2 38.Qxf7+ Kxf7 39.Ra3 d5 40.Rxa2 c4 41.Ra6 h5 42.f4 Bb4 43.Rc6 Ba3
44.Kf3 Bb2 45.h3  1/2-1/2

[Event "4th LUCOPEN 2013"]
[Site "Lille FRA"]
[Date "2013.04.15"]
[Round "3.4"]
[White "Loiseau,Q"]
[Black "Zhigalko,A"]
[Result "0-1"]
[WhiteElo "2403"]
[BlackElo "2590"]

1.d4 Nf6 2.c4 e6 3.g3 c5 4.d5 exd5 5.cxd5 b5 6.e4 Nxe4 7.Qe2 Qe7 8.Bg2 Nd6
9.Be3 b4 10.Bxc5 Na6 11.Bxd6 Qxe2+ 12.Nxe2 Bxd6 13.Nd2 Nc5 14.Nc4 Bf8 15.O-O Ba6
16.Na5 Kd8 17.Bf3 Bd6 18.Rfd1 Re8 19.Nd4 Rc8 20.Rac1 g6 21.a3 bxa3 22.bxa3 Rb8
23.Rc2 f5 24.Kg2 Ne4 25.h4 Ke7 26.Nc4 Rec8 27.Ne3 Rxc2 28.Ndxc2 Bc5 29.g4 Rb2
30.Re1 Bxe3 31.gxf5 gxf5 32.Bxe4 Bxf2 33.d6+ Kf6  0-1

[Event "TCh-CZE Div1 Zapad 2012-13"]
[Site "Czech Republic CZE"]
[Date "2013.04.21"]
[Round "11.3"]
[White "Jirka,J"]
[Black "Kopta,P"]
[Result "1-0"]
[WhiteElo "2411"]
[BlackElo "2303"]

1.d4 Nf6 2.c4 e6 3.g3 c5 4.d5 exd5 5.cxd5 b5 6.f3 d6 7.e4 a6 8.a4 b4 9.Nd2 Nbd7
10.a5 Be7 11.Nc4 Qc7 12.Bg2 Ne5 13.Nb6 Rb8 14.f4 Ng6 15.Qd3 O-O 16.Nf3 Re8
17.Nd2 Bf8 18.O-O Bb7 19.b3 Rbd8 20.Bb2 Nd7 21.Ndc4 Qb8 22.Rfe1 Nxb6 23.axb6 Bc8
24.e5 Bb7 25.Na5 dxe5 26.Nxb7 Qxb7 27.Qxa6 Rb8 28.fxe5 Qxb6 29.Qxb6 Rxb6
30.d6 Rd8 31.Ra7 f6 32.Bd5+ Kh8 33.exf6  1-0

[Event "Zonal 2.4 Absoluto 2013"]
[Site "Manaus BRA"]
[Date "2013.04.27"]
[Round "1.14"]
[White "Gutierrez,Enrique Alberto Soto"]
[Black "Brito,L"]
[Result "0-1"]
[WhiteElo "1904"]
[BlackElo "2263"]

1.d4 Nf6 2.c4 e6 3.g3 c5 4.d5 exd5 5.cxd5 d6 6.Bg2 Be7 7.Nf3 O-O 8.O-O Re8
9.Nc3 Nbd7 10.Re1 Rb8 11.a4 a6 12.a5 b5 13.axb6 Rxb6 14.e4 Bf8 15.Qc2 Rb4
16.Nh4 Nb6 17.Rd1 h6 18.b3 g5 19.Nf5 Bxf5 20.exf5 Qc8 21.Na2 Rd4 22.Bb2 Rxd1+
23.Rxd1 Bg7 24.Nc3 c4 25.bxc4 Nxc4 26.Ba1 Ne5 27.Rc1 Qc5 28.Ne2 Qxc2 29.Rxc2 Nfd7
30.Kf1 Nc5 31.Bd4 Ned7 32.Bxg7 Kxg7 33.Nd4 Kf6 34.g4 Ne5 35.h3 Ned3 36.Re2 Rb8
37.Bf3 Rb1+ 38.Kg2 Nf4+ 39.Kh2 Nxe2 40.Nxe2 a5 41.Nd4 a4  0-1

[Event "Old Capital Open 2013"]
[Site "Veliko Tarnovo BUL"]
[Date "2013.05.02"]
[Round "3.12"]
[White "Ivanov,Bor BUL"]
[Black "Maciol,R"]
[Result "1-0"]
[WhiteElo "2303"]
[BlackElo "2185"]

1.d4 Nf6 2.c4 e6 3.g3 c5 4.d5 exd5 5.cxd5 d6 6.Nc3 g6 7.Nf3 a6 8.a4 Bg7 9.Bg2 O-O
10.O-O Nbd7 11.Nd2 Qe7 12.Nc4 Ne5 13.Nb6 Rb8 14.f4 Ned7 15.Nc4 Ne8 16.Re1 Qd8
17.e4 b5 18.axb5 axb5 19.Na5 Qc7 20.Nc6 Rb6 21.e5 Nb8 22.Ra7 Bb7 23.Qe2 b4
24.Nb5 Rxb5 25.Qxb5 Bxc6 26.Rxc7 Bxb5 27.Rb7 dxe5 28.Rxb8 Bc4 29.fxe5 Nc7
30.Rxf8+ Kxf8 31.d6 Ne6 32.Be3 Bb5 33.Bd5  1-0

[Event "e2e4 Sunningdale Open"]
[Site "Ascot ENG"]
[Date "2013.05.24"]
[Round "1"]
[White "Poobalasingam,P"]
[Black "Taylor,Adam C"]
[Result "1-0"]
[WhiteElo "2211"]
[BlackElo "1961"]

1.d4 Nf6 2.c4 e6 3.g3 c5 4.Nf3 d5 5.Bg2 Nc6 6.cxd5 exd5 7.O-O Be7 8.dxc5 Bxc5
9.Nbd2 O-O 10.Nb3 Bb6 11.Nbd4 Re8 12.Nxc6 bxc6 13.b3 Ba6 14.Re1 Ne4 15.e3 Ba5
16.Bd2 Nxd2 17.Nxd2 Bd3 18.a3 Qf6 19.b4 Bb6 20.Qb3 Be4 21.Bxe4 dxe4 22.Rac1 Rad8
23.Qc2 Qe6 24.Nc4 Bc7 25.Nb2 Be5 26.Na4 f5 27.Red1 Rd5 28.Rxd5 cxd5 29.Nc5 Qf7
30.Rd1 Rd8 31.Qb3 d4 32.Qe6 Qxe6 33.Nxe6 Rd6 34.Nxd4 Bxd4 35.Rxd4 Ra6 36.g4 fxg4
37.Rxe4 h5 38.Re5 g6 39.Ra5 Rxa5 40.bxa5 Kf7 41.Kf1 Ke6 42.Ke2 Kd5 43.Kd3 a6
44.e4+ Ke5 45.Ke3 h4 46.f3 gxf3 47.Kxf3 h3 48.Ke3 Ke6 49.Kf4 Kf6 50.Kg4 Ke5
51.Kxh3 Kf4 52.Kh4 g5+ 53.Kh5 g4 54.Kh4  1-0

[Event "Hungarian National Open 2013"]
[Site "Zalakaros HUN"]
[Date "2013.05.24"]
[Round "3"]
[White "Nagy,Ga1"]
[Black "Medvegy,Z"]
[Result "0-1"]
[WhiteElo "2439"]
[BlackElo "2552"]

1.d4 Nf6 2.c4 e6 3.g3 c5 4.d5 exd5 5.cxd5 d6 6.Nc3 g6 7.Nf3 Bg7 8.Bg2 O-O
9.O-O Re8 10.Bf4 Ne4 11.Nxe4 Rxe4 12.Nd2 Rb4 13.Rb1 g5 14.Be3 f5 15.Nf3 h6
16.Qc1 Qf6 17.b3 Re4 18.b4 b6 19.bxc5 bxc5 20.Nd2 Re7 21.Nc4 Nd7 22.f4 g4
23.Re1 Ba6 24.Bf2 Rae8 25.e3 Bxc4 26.Qxc4 Nb6 27.Qc2 Re4 28.Bxe4 Rxe4 29.Red1 Qf7
30.Qd2 Qc7 31.Rbc1 Qd7 32.Kg2 Qe8 33.Qd3 h5 34.h3 gxh3+ 35.Kxh3 Qg6 36.Kg2 Re7
37.Qe2 Nd7 38.Rh1 Nf6 39.Qf3 Ng4 40.Rb1 Qe8 41.Rhe1 Qa4 42.Rb8+ Kf7 43.Rd8 Bc3
44.Re2 Qd1 45.Rxd6 Rb7 46.Re1 Qxf3+ 47.Kxf3 Bxe1 48.Bxe1 Rb2 49.e4 fxe4+
50.Kxe4 Re2+ 51.Kf5 Rxe1 52.Rc6 c4 53.Rc7+ Ke8 54.Kg5 Rc1 55.f5 Kd8 56.d6 c3
57.f6 Nxf6 58.Kxf6 c2 59.Kg6 h4  0-1

[Event "e2e4 Sunningdale Open"]
[Site "Ascot ENG"]
[Date "2013.05.25"]
[Round "2"]
[White "Crockart,S"]
[Black "Oussedik,E"]
[Result "0-1"]
[WhiteElo "2147"]
[BlackElo "2010"]

1.d4 e6 2.c4 Nf6 3.g3 c5 4.d5 exd5 5.cxd5 d6 6.Nc3 g6 7.Bg2 Bg7 8.Nf3 O-O
9.O-O a6 10.a4 Nh5 11.Nd2 Nd7 12.Qc2 f5 13.f4 Rb8 14.b3 Nhf6 15.h3 Re8 16.Bb2 b5
17.axb5 axb5 18.e4 b4 19.Nd1 fxe4 20.Ne3 Nb6 21.Ra7 Rb7 22.Rd1 Qc7  0-1

[Event "ch-CZE 2013"]
[Site "Ledec nad Sazavou CZE"]
[Date "2013.05.27"]
[Round "7.3"]
[White "Rausis,I"]
[Black "Plat,V"]
[Result "1-0"]
[WhiteElo "2518"]
[BlackElo "2455"]

1.d4 Nf6 2.c4 e6 3.g3 c5 4.Nf3 cxd4 5.Nxd4 Nc6 6.Bg2 a6 7.O-O Bc5 8.Nb3 Be7
9.c5 d6 10.Nc3 d5 11.e4 d4 12.Na4 e5 13.f4 Be6 14.Qd3 Nd7 15.Bd2 b5 16.cxb6 Nxb6
17.Rfc1 Nxa4 18.Rxc6 O-O 19.Ba5 Qe8 20.Rac1 Nxb2 21.Qd2 Ba3 22.f5 Bd7 23.f6 gxf6
24.Rxf6 Kh8 25.Nxd4 Rc8 26.Rxc8 Qxc8 27.Nf5 Qc5+ 28.Kh1 Rc8 29.Nh6 Qc1+ 30.Rf1 Qxd2
31.Bxd2 f6 32.Rxf6 Rc2 33.Bg5 Be7 34.h4 Nd3 35.Rxa6 Bxg5 36.hxg5 Kg7 37.Ra7 Nc5
38.Ng4 Kf8 39.Nxe5 Ke8 40.Bf3 Be6 41.Rxh7 Rxa2 42.g6 Ra1+ 43.Kg2 Ra2+ 44.Kg1 Nb3
45.Bg4  1-0

[Event "15th Ajuinentornooi 2013"]
[Site "Aalst BEL"]
[Date "2013.05.29"]
[Round "7.4"]
[White "Descamps,Stijn"]
[Black "Roos,Ad"]
[Result "1/2-1/2"]
[WhiteElo "1965"]
[BlackElo "2210"]

1.d4 Nf6 2.c4 e6 3.g3 c5 4.Nf3 cxd4 5.Nxd4 a6 6.Bg2 Qc7 7.b3 Bb4+ 8.Bd2 Bc5
9.Nc2 Ng4 10.O-O h5 11.Nc3 h4 12.Ne4 hxg3 13.hxg3 Be7 14.Bb4 Nc6 15.Bxe7 Kxe7
16.c5 Rh5 17.Bf3 f5 18.Qd6+ Qxd6 19.Nxd6 Rh8 20.Rfd1 Nge5 21.Bg2 Rb8 22.Rd2 b6
23.Rad1 bxc5 24.f4 Ng4 25.e4 fxe4 26.Bxe4 Nf6 27.Bxc6 dxc6 28.Re1 Nd5 29.Nc4 Bd7
30.Ne5 Rh6 31.Rh2 Rxh2 32.Kxh2 Be8 33.f5 Nc7 34.Na3 Rd8 35.Nac4 Kf6 36.fxe6 Nxe6
37.Rf1+ Ke7 38.Re1 Kf6 39.Rf1+  1/2-1/2

[Event "Icelandic Open Championship 2013"]
[Site "Reykjavik ISL"]
[Date "2013.06.02"]
[Round "4.4"]
[White "Edvardsson,K"]
[Black "Thorfinnsson,Bj"]
[Result "0-1"]
[WhiteElo "2220"]
[BlackElo "2377"]

1.d4 Nf6 2.c4 e6 3.g3 c5 4.d5 exd5 5.cxd5 b5 6.Nf3 Bb7 7.e4 Nxe4 8.Bd3 Nd6
9.O-O Be7 10.Nc3 b4 11.Nb5 Nxb5 12.Bxb5 O-O 13.Bf4 d6 14.Qb3 Nd7 15.Rfd1 Nb6
16.a4 a6 17.Bf1 a5 18.h4 Bf6 19.Ng5 Re8 20.Bg2 h6 21.Ne4 Be5 22.Be3 f5 23.Nd2 Kh8
24.Ra2 Qf6 25.Nc4 Nxc4 26.Qxc4 Ba6 27.Qc1 b3  0-1

[Event "Grand Europe Open Albena"]
[Site "Albena BUL"]
[Date "2013.06.04"]
[Round "4.14"]
[White "Ashwin,J"]
[Black "Yurtseven,M"]
[Result "1/2-1/2"]
[WhiteElo "2472"]
[BlackElo "2166"]

1.d4 Nf6 2.c4 e6 3.g3 c5 4.d5 exd5 5.cxd5 d6 6.Nc3 g6 7.Bg2 Bg7 8.Nf3 O-O
9.O-O Re8 10.Bf4 a6 11.a4 Nh5 12.Bg5 Qc7 13.Qd2 Nd7 14.Rfe1 Rb8 15.Rac1 Qa5
16.Bh6 Bh8 17.Ne4 Qc7 18.Nc3 Qa5 19.Ne4 Qc7 20.Nfg5 Ne5 21.h3 b5 22.axb5 axb5
23.g4 Bxg4 24.hxg4 Nxg4 25.Nh3 Qd7 26.Bg5 Bd4 27.e3 Be5 28.Nf4 Qf5 29.f3 Ngf6
30.Nxf6+ Nxf6 31.Bh6 Qd7 32.e4 Qa7 33.Ra1 Qb6 34.Ne2 Nh5 35.Be3 b4 36.f4 Bg7
37.Ra4 Qb5 38.Rea1 Nf6 39.Ng3 Ng4 40.Bf1 Qb6 41.e5 Nxe3 42.Qxe3 dxe5 43.Ra7 Bh6
44.R1a6 Qd8 45.Ne4 Bg7 46.Bc4 Qh4 47.d6 exf4 48.Rxf7 Qg4+ 49.Kh2 Kh8 50.Qe1 Rxe4
51.Qxe4 Qg3+ 52.Kh1 Qh3+ 53.Kg1 Bd4+ 54.Qxd4+ cxd4 55.Raa7 Qe3+ 56.Kh2 Qg3+
57.Kh1 Qh3+ 58.Kg1 f3 59.Bf1 Qg3+ 60.Kh1 Qh4+ 61.Kg1 d3 62.Bxd3 Qg3+ 63.Kf1 Qg2+
64.Ke1 Qg1+ 65.Kd2 Qh2+ 66.Ke3 f2 67.Rae7 Qg3+ 68.Ke4 Qh4+ 69.Kf3 Rd8 70.d7 Kg8
71.Rg7+ Kh8 72.Rgf7 Kg8 73.Rg7+ Kh8 74.Rgf7 Kg8 75.Rg7+  1/2-1/2

[Event "Grand Europe Open Albena"]
[Site "Albena BUL"]
[Date "2013.06.06"]
[Round "6.5"]
[White "Ashwin,J"]
[Black "Grigoryan,Av"]
[Result "1/2-1/2"]
[WhiteElo "2472"]
[BlackElo "2605"]

1.d4 Nf6 2.c4 e6 3.g3 c5 4.d5 exd5 5.cxd5 d6 6.Nc3 g6 7.Bg2 Bg7 8.Nf3 O-O
9.O-O Nbd7 10.Bf4 Qe7 11.a4 Ng4 12.Bg5 f6 13.Bd2 Nge5 14.Rb1 Nxf3+ 15.exf3 f5
16.Re1 Qd8 17.Nb5 Ne5 18.f4 Nf7 19.b4 Bd7 20.Qc2 b6 21.Bf1 Re8  1/2-1/2

[Event "17th Petr Izmailov"]
[Site "Tomsk RUS"]
[Date "2013.06.12"]
[Round "2.3"]
[White "Fitiak,Sergey"]
[Black "Maletin,P"]
[Result "0-1"]
[WhiteElo "2209"]
[BlackElo "2611"]

1.d4 Nf6 2.c4 e6 3.g3 c5 4.Nf3 cxd4 5.Nxd4 Qc7 6.b3 Bb4+ 7.Bd2 Bc5 8.Bc3 d5
9.Bg2 e5 10.Nb5 Qb6 11.Bxe5 Bxf2+ 12.Kf1 O-O 13.Bc7 Qe6 14.cxd5 Qe8 15.Qd3 Bc5
16.e4 Na6 17.N1c3 Ng4 18.Bd6 Nb4 19.Qf3 Ne5 20.Bxc5 Nxf3 21.Bxb4 Ne5 22.Nc7 Qd8
23.Nxa8 Qf6+ 24.Ke2 Bg4+ 25.Ke3 Qg5+ 26.Kd4 Qd2+ 27.Kxe5 Rd8 28.Be7 f6+ 29.Bxf6 gxf6+
30.Kxf6 Qh6+ 31.Ke5 Qg7+ 32.Kf4 Rf8+  0-1

[Event "2nd Grand Europe Open 2013"]
[Site "Golden Sands BUL"]
[Date "2013.06.15"]
[Round "6.38"]
[White "Baralic,N"]
[Black "Sanal,V"]
[Result "0-1"]
[WhiteElo "2259"]
[BlackElo "2409"]

1.d4 Nf6 2.c4 e6 3.g3 c5 4.Nf3 cxd4 5.Nxd4 Nc6 6.Bg2 Be7 7.O-O a6 8.Nc3 O-O
9.e4 Qc7 10.b3 Nxd4 11.Qxd4 Bc5 12.Qd3 Ng4 13.Qe2 Ne5 14.Be3 Rb8 15.Bxc5 Qxc5
16.Na4 Qb4 17.c5 d6 18.f4 Nc6 19.Rac1 dxc5 20.Nxc5 e5 21.Rfd1 Nd4 22.Qf2 Bg4
23.Re1 Qb5 24.Bf1 Qb6 25.Re3 Rbc8 26.Rec3 Nf3+ 27.Kg2 exf4 28.h3 fxg3 29.Qxg3 Bh5
30.Nd7  0-1

[Event "22nd Anderssen Mem Eliminacje"]
[Site "Wroclaw POL"]
[Date "2013.06.29"]
[Round "4"]
[White "Kania,Pr"]
[Black "Zmarzly,A"]
[Result "1/2-1/2"]
[WhiteElo "1773"]
[BlackElo "2030"]

1.d4 Nf6 2.c4 e6 3.g3 c5 4.Bg2 cxd4 5.Qxd4 Be7 6.Nc3 O-O 7.b3 Nc6 8.Qd2 a6
9.Bb2 Re8 10.Nf3 d6 11.O-O Qc7 12.Rac1 Ne5 13.Rfd1 Ned7 14.Nd4 Rb8 15.Ba3 Bf8
16.e3 Nc5 17.Qe2 e5 18.Nc2 e4 19.h3 Nd3 20.Nxe4 Nxc1 21.Nxf6+ gxf6 22.Bxc1  1/2-1/2

[Event "XXII Anderssen Mem Final A"]
[Site "Wroclaw POL"]
[Date "2013.06.30"]
[Round "3.1"]
[White "Sabuk,P"]
[Black "Cyborowski,L"]
[Result "0-1"]
[WhiteElo "2222"]
[BlackElo "2548"]

1.d4 Nf6 2.c4 e6 3.g3 c5 4.d5 exd5 5.cxd5 d6 6.Nc3 g6 7.Bg2 Bg7 8.Nf3 O-O
9.O-O a6 10.a4 Re8 11.h3 Nbd7 12.Nd2 Qc7 13.Nc4 Nb6 14.Na3 Bd7 15.e4 Rab8
16.a5 Nc8 17.Nc4 Bb5 18.Qb3 Bxc4 19.Qxc4 b5 20.axb6 Nxb6 21.Qd3 c4 22.Qc2 Nfd7
23.Be3 Nc5 24.Bxc5 Qxc5 25.Rxa6 Nd7 26.Rc6 Qb4 27.Na2 Qxb2 28.Rxc4 Qxc2 29.Rxc2 Nc5
30.Rc4 Ra8 31.Nc3 Bxc3 32.Rxc3 Nxe4 33.Bxe4 Rxe4 34.Rc6 Rd8 35.Rb1 Rd4 36.Rb5 Rd7
37.Kg2 Kg7 38.Kf3 Kf6 39.Ke3 Ra4 40.f4 Ra3+ 41.Kf2 Rd3 42.Rcb6 h5 43.Kg2 Kf5
44.Rb7 Rxb7 45.Rxb7 f6 46.Rf7 Rxd5 47.g4+ hxg4 48.hxg4+ Kxf4 49.Rxf6+ Kg5
50.Re6 Rd4 51.Kf3 Rf4+ 52.Ke3 Rf6 53.Re4 Kh4 54.Rd4 g5 55.Ke2 Kg3 56.Ke3 Re6+
57.Kd3 Re5 58.Kd2 Kf3 59.Kd3 Re3+ 60.Kd2 Re4 61.Rxd6 Kxg4 62.Rg6 Kf4 63.Kd3 Re8
64.Rg7 g4 65.Rf7+ Kg3 66.Kd2 Kg2 67.Rg7 g3 68.Kd1 Kf2 69.Rf7+ Kg1 70.Kd2 g2
71.Rh7 Re4 72.Kd3 Re5 73.Kd4 Re1 74.Kd3 Kf2 75.Rf7+ Kg3 76.Rg7+ Kf2 77.Rf7+ Kg1
78.Rf8 Re5 79.Kd4 Re2 80.Kd3 Re5 81.Kd4 Rh5 82.Ke3 Kh1 83.Kd4  0-1

[Event "20th Abu Dhabi Masters 2013"]
[Site "Abu Dhabi UAE"]
[Date "2013.07.01"]
[Round "2.6"]
[White "Raetsky,A"]
[Black "Parligras,M"]
[Result "0-1"]
[WhiteElo "2412"]
[BlackElo "2565"]

1.d4 Nf6 2.c4 e6 3.g3 c5 4.Nf3 cxd4 5.Nxd4 Qc7 6.Nc3 a6 7.Bg2 Qxc4 8.O-O Nc6
9.Nb3 Qg4 10.h3 Qg6 11.e4 Bb4 12.Qe2 O-O 13.e5 Ne8 14.Rd1 f6 15.Na4 b5 16.Nb6 Rb8
17.Nxc8 Rxc8 18.Rxd7 Nxe5 19.Ra7 Nc7 20.Bf4 Nd5 21.Bxe5 Rc2 22.Qe4 fxe5 23.Qxg6 hxg6
24.Rf1 a5 25.Nxa5 Bc5 26.Ra6 Bxf2+ 27.Rxf2 Rcxf2 28.Rxe6 Ne3  0-1

[Event "Klatov Open A 2013"]
[Site "Klatovy CZE"]
[Date "2013.07.04"]
[Round "6.6"]
[White "Taborsky,R"]
[Black "Vlasak,Lu"]
[Result "1/2-1/2"]
[WhiteElo "2260"]
[BlackElo "2296"]

1.d4 Nf6 2.c4 e6 3.g3 c5 4.d5 exd5 5.cxd5 b5 6.Nf3 d6 7.e4 a6 8.a4 b4 9.Nbd2 g6
10.Nc4 Bg7 11.Bd3 O-O 12.O-O Bg4 13.Bf4 Ne8 14.Re1 Nd7 15.h3 Bxf3 16.Qxf3 Nb6
17.Re2 Nxc4 18.Bxc4 Ra7 19.Qd3 a5 20.Rae1 Nf6 21.b3 Nh5 22.Bd2 Bd4 23.Kg2 Ng7
24.f4 f6 25.Be3 Bc3 26.Bd2 Bd4 27.Bc1 Bc3 28.Rd1 Re8 29.Bb5 Rf8 30.Bb2 Bxb2
31.Rxb2 g5 32.Qf3 Qe7 33.Re2 Raa8 34.Bc4 Kh8 35.Kh2 Rae8 36.Rde1 gxf4 37.gxf4 Qf7
38.Rg1 Rg8  1/2-1/2

[Event "Klatov Open A 2013"]
[Site "Klatovy CZE"]
[Date "2013.07.07"]
[Round "9.4"]
[White "Hausner,I"]
[Black "Vlasak,Lu"]
[Result "1/2-1/2"]
[WhiteElo "2387"]
[BlackElo "2296"]

1.d4 Nf6 2.c4 e6 3.g3 c5 4.d5 exd5 5.cxd5 b5 6.Bg2 d6 7.b4 Nbd7 8.Nf3 Bb7
9.bxc5 Nxc5 10.Nd4 a6 11.O-O Be7 12.Nc6 Qc7 13.Nc3 O-O 14.a4 bxa4 15.Be3 Rfe8
16.Bxc5 dxc5 17.Nxe7+ Qxe7 18.e4 Rab8 19.Rxa4 Bc8 20.f4 Ng4 21.Qd2 Qa7 22.Nd1 Rb3
23.h3 Bd7 24.Ra2 c4+ 25.Kh1 Rd3 26.Qe2 Ne3 27.Nxe3 Qxe3 28.Qf2 Qxg3 29.Qxg3 Rxg3
30.Kh2 Rg6 31.Rb1 Bb5 32.e5 Rb6 33.d6 Rbb8 34.Bd5 Kf8 35.Rc1 Rbd8 36.Bxc4 Bxc4
37.Rxc4 g5 38.Rxa6 gxf4 39.Ra5 Re6 40.Rxf4 f6 41.Kg3 Kg7 42.Ra7+ Kg6 43.exf6 Rxf6
44.Rg4+ Kf5 45.d7 Rd6 46.Rg7 Kf6  1/2-1/2

[Event "41st TCh-GRE"]
[Site "Rio (Achaia) GRE"]
[Date "2013.07.07"]
[Round "7.9"]
[White "Leftheriotis,Emilios"]
[Black "Hatzis-Bakratsas,Alexandros"]
[Result "1-0"]
[WhiteElo "1614"]
[BlackElo "1807"]

1.d4 Nf6 2.c4 e6 3.g3 c5 4.Nf3 cxd4 5.Nxd4 d5 6.Nc3 e5 7.Nf3 d4 8.Nxe5 dxc3
9.Qxd8+ Kxd8 10.Nxf7+ Ke7 11.Nxh8 cxb2 12.Bxb2 g5 13.Bg2 Bg7 14.Bc1 g4 15.h3 gxh3
16.Bxh3 Bxh3 17.Rxh3 Nbd7 18.Ba3+ Ke6 19.Rd1 Rxh8 20.Rh4 Rc8 21.Rhd4 Ne5
22.c5 Bf8 23.Rd8 Rxd8 24.Rxd8 Nfd7 25.Rxf8 Nxf8 26.c6 Nfg6 27.cxb7 Nc6 28.Bc5 Nge5
29.Bxa7 Nd7 30.b8=Q Ndxb8 31.Bxb8 Nxb8 32.Kd2 Kd5 33.Kd3 Nc6 34.e4+ Kc5 35.Ke3 Kd6
36.f4 h5 37.e5+ Kd5 38.Kf3 Nd4+ 39.Kg2 Nb5 40.Kh3 Nc3 41.a3 Ne4 42.Kh4 Ke6
43.a4 Kd5 44.a5 Kc6 45.e6 Kb5 46.e7 Nd6 47.Kxh5 Kxa5 48.Kg6 Kb6 49.Kg7 Kc7
50.Kf8 Kd7 51.g4 Ne8 52.g5 Nd6 53.g6 Ne8 54.g7 Nf6 55.g8=Q  1-0

[Event "7th LCT 2013"]
[Site "Leiden NED"]
[Date "2013.07.12"]
[Round "1.9"]
[White "Van der Meer,K"]
[Black "Hasangatin,R"]
[Result "0-1"]
[WhiteElo "2039"]
[BlackElo "2489"]

1.d4 Nf6 2.c4 e6 3.g3 c5 4.d5 exd5 5.cxd5 Bd6 6.Nc3 Bc7 7.d6 Ba5 8.Bg2 O-O
9.Nh3 Bxc3+ 10.bxc3 Nc6 11.a4 b6 12.O-O Ba6 13.a5 Nxa5 14.Bxa8 Qxa8 15.f3 Qe8
16.Rf2 Qe5 17.Bf4 Qf5 18.Kg2 Bb7 19.Qb1 Qxb1 20.Rxb1 Ne4 21.Rff1 Nxc3 22.Rb2 Nd5
23.Ra1 Nc6 24.Bd2 Ra8 25.Nf2 a5 26.Nd1 Ndb4 27.Ne3 Ba6 28.Bxb4 Nxb4 29.Kf2 f6
30.Ke1 Kf7 31.Kd2 Ke6 32.Kc3 Rc8 33.Nc4 Bxc4 34.Kxc4 Kxd6 35.Kb5 Kc7 36.e4 Nc6  0-1

[Event "Corporation Cup 2013"]
[Site "Izhevsk RUS"]
[Date "2013.07.15"]
[Round "4.4"]
[White "Yuffa,D"]
[Black "Shariyazdanov,A"]
[Result "1/2-1/2"]
[WhiteElo "2373"]
[BlackElo "2584"]

1.d4 Nf6 2.c4 e6 3.g3 c5 4.d5 exd5 5.cxd5 d6 6.Nc3 g6 7.Bg2 Bg7 8.Nf3 O-O
9.O-O Re8 10.Nd2 Nbd7 11.a4 a6 12.h3 Rb8 13.Nc4 Ne5 14.Na3 Nh5 15.e4 Bd7
16.a5 b5 17.axb6 Bb5 18.Ncxb5 axb5 19.Nxb5 Qxb6 20.Na3 Qb3 21.Qxb3 Rxb3 22.g4 Nf6
23.Kh1 h6 24.f4 Nd3 25.Nc4 Nxc1 26.Nxd6 Rd8 27.Rfxc1 Rxd6 28.e5 Rd8 29.exf6 Bxf6
30.Rxc5 Rxb2 31.Rd1 Be7 32.Rc6 Bd6 33.Rf1 Kg7 34.f5 gxf5 35.Rxf5 Rb1+ 36.Bf1 Rb2
37.Bg2 Rb1+ 38.Bf1 Rb2 39.Ra6 Rh2+ 40.Kg1 Rd2 41.Rc6 Bh2+ 42.Kh1 Bd6 43.g5  1/2-1/2

[Event "43rd Nat Jun ch-IND U19"]
[Site "Lucknow IND"]
[Date "2013.07.17"]
[Round "10.3"]
[White "Narayanan,SL"]
[Black "Akash Pc,I"]
[Result "1-0"]
[WhiteElo "2415"]
[BlackElo "2208"]

1.d4 Nf6 2.c4 e6 3.g3 c5 4.d5 exd5 5.cxd5 d6 6.Nc3 g6 7.Nf3 Bg7 8.Bg2 O-O
9.O-O Na6 10.Nd2 Nc7 11.Nc4 Nfe8 12.a4 b6 13.Re1 Ba6 14.Na3 f5 15.Nab5 Bxb5
16.axb5 a6 17.bxa6 b5 18.Qb3 b4 19.Nb1 Qc8 20.Nd2 Rxa6 21.Rxa6 Qxa6 22.e4 fxe4
23.Nxe4 Bd4 24.Be3 Bxe3 25.Qxe3 Qc8 26.Ng5 Ng7 27.Bh3 Qe8 28.Qd2 Qd8 29.Be6+ Ngxe6
30.dxe6 Qe7 31.h4 Nb5 32.Qd5 Nd4 33.Nf7 Kg7 34.Re4 Nb5 35.h5 Re8 36.Qd2 Qf6
37.Nxd6 Nxd6 38.h6+ Kg8 39.Qxd6 Qe7 40.Qe5 Rf8 41.Re1 Rf5 42.Qg7+  1-0

[Event "Czech Open G1 Rapid 2013"]
[Site "Pardubice CZE"]
[Date "2013.07.18"]
[Round "8.22"]
[White "Kislik,E"]
[Black "Matsenko,S"]
[Result "0-1"]
[WhiteElo "2345"]
[BlackElo "2458"]

1.d4 Nf6 2.c4 e6 3.g3 c5 4.d5 exd5 5.cxd5 d6 6.Nc3 g6 7.Bg2 Bg7 8.Nf3 a6
9.a4 O-O 10.O-O Re8 11.Bf4 Nh5 12.Bg5 Qc7 13.Re1 h6 14.Bd2 Nd7 15.e4 b6 16.h3 Rb8
17.g4 Nhf6 18.Bf4 h5 19.g5 Nh7 20.Kh1 Ne5 21.Nxe5 Bxe5 22.Be3 b5 23.axb5 axb5
24.f4 Bg7 25.e5 Bf5 26.Ra6 dxe5 27.d6 Qd8 28.Nd5 Kh8 29.Nc7 Rg8 30.fxe5 Nxg5
31.Bxc5 Nxh3 32.Qd4 Ng5 33.Rf1 Ne6 34.Nxe6 Bxe6 35.Ra7 Qg5 36.Qf4 Qxf4 37.Rxf4 Bxe5
38.Bd4 Bxd4 39.Rxd4 Rgd8 40.d7 b4 41.Bc6 Kg7 42.Kh2 b3 43.Ba4 Kf6 44.Bc6 Ke7
45.Ba4 Rb6 46.Kg1 Rd6 47.Rxd6 Kxd6 48.Rb7 Bxd7 49.Bxb3 Be6  0-1